Specification for Exchange of Product Analysis Data. Version 3

Gespeichert in:
Bibliographische Detailangaben
Weitere Verfasser: Thomas, D.
Format: Buch
Sprache:Englisch
Veröffentlicht: Berlin Springer B.r.
Ausgabe:1. ed.
Tags: Tag hinzufügen
Keine Tags, Fügen Sie das erste Tag hinzu!

MARC

LEADER 00000nam a2200000 4500
001 c031994
005 20221220102708.4
041 0 |a eng 
044 |a DE 
245 1 0 |a Specification for Exchange of Product  |b Analysis Data. Version 3  |c Edit. D. Thomas 
250 |a 1. ed. 
264 1 |a Berlin  |b Springer  |c B.r. 
300 |a 145 s. 
700 1 |a Thomas, D.